Statistics for Particle Physics questions

Click here to take the quiz!

General Stats

  • This quiz has been taken 64 times
  • The average score is 5 of 7

Answer Stats

QuestionAnswer% Correct
How many quarks in a baryon?3
92%
How many quarks in a Meson2
84%
How much charge does a down quark have-1/3
82%
How much charge does an up quark have+2/3
65%
How do you find specific chargecharge over mass
53%
Whats a femto meter*10^-15
51%
When is Strangeness conservedin Strong interaction ONLY
31%

Score Distribution

Percentile by Number Answered

Percent of People with Each Score

Your Score History

You have not taken this quiz